06-山形県の市町村クイズ(1999年) - Statistics

General Stats
  • This quiz has been taken 110 times
  • The average score is 37 of 44
Answers on the Map
Answers color-coded by a green-red scale on the quiz's map according to % correct below.
 
Answer Stats
Answer % Correct
山形やまがた
96%
米沢よねざわ
96%
酒田さかた
94%
鶴岡つるおか
94%
上山かみのやま
92%
新庄しんじょう
92%
天童てんどう
92%
長井ながい
92%
最上もがみまち
92%
遊佐ゆざまち
92%
小国おぐにまち
91%
尾花沢おばなざわ
91%
寒河江さがえ
91%
高畠たかはたまち
91%
舟形ふながたまち
91%
真室川まむろがわまち
91%
三川みかわまち
91%
村山むらやま
91%
飯豊いいでまち
89%
川西かわにしまち
89%
鮭川さけがわむら
89%
白鷹しらたかまち
89%
南陽なんよう
89%
東根ひがしね
89%
温海あつみまち
87%
大石田おおいしだまち
87%
大江おおえまち
87%
河北かほくちょう
87%
戸沢とざわむら
87%
大蔵おおくらむら
85%
金山かねやままち
85%
山辺やまのべまち
85%
余目あまるめまち
83%
中山なかやままち
81%
西川にしかわまち
81%
朝日あさひまち
79%
朝日あさひむら
79%
櫛引くしびきまち
68%
羽黒はぐろまち
60%
藤島ふじしままち
60%
立川たちかわまち
58%
八幡やわたまち
53%
松山まつやままち
51%
平田ひらたまち
47%
No matching quizzes found
Score Distribution
Percent of People with Each Score
Percentile by Number Answered
Your Score History
You have not taken this quiz